000 00278nam a2200109Ia 4500
008 190919s9999||||xx |||||||||||||| ||und||
100 _aRoma Gill
245 0 _aOxford School Shakespeare Julius Caesar
260 _aCanada
_bTata McGraw Hill
_c2011
300 _a394
942 _cBK
999 _c11480
_d11480